|
|
|
|
| LEADER |
00000nam a22000007a 4500 |
| 005 |
20131127190156.0 |
| 007 |
cr|||| |||| |
| 008 |
131127s2013 sp |||||s|||| 00||0 spa d |
| 020 |
|
|
|a 978-84-9031-652-8
|
| 035 |
|
|
|a 11665
|
| 040 |
|
|
|a vLex
|
| 090 |
|
|
|c 4594
|d 4594
|
| 100 |
1 |
|
|a Jimňez Cano, Roberto M.
|
| 245 |
1 |
0 |
|a Democracia con motivos
|h [Recurso electrn̤ico] /
|c Roberto M. Jimňez Cano
|
| 256 |
|
|
|a Servicio en ln̕ea
|
| 260 |
|
|
|a Madrid :
|b Dykinson,
|c 2013
|
| 300 |
|
|
|a 1 recurso electrn̤ico
|
| 506 |
1 |
|
|a Contenido solo disponible en los productos indicados
|d vLex Global
|d vLex Global (Academic Edition, excluding Law Schools)
|d vLex Global (U.S. Academic Edition, Law Schools)
|d vLex Global (U.S. Academic Edition, excluding Law Schools)
|d vLex Global (Academic Edition, Law Schools)
|
| 650 |
0 |
4 |
|a Democracia
|
| 740 |
0 |
|
|a vLex Libros (Servicio en ln̕ea)
|
| 856 |
4 |
0 |
|u http://vlex.com/source/democracia-con-motivos-11665
|z Acceso restringido
|
| 942 |
|
|
|c BOOK
|